La democracia en América Latina: entre la esperanza y la sospecha

Guardat en:
Dades bibliogràfiques
Autor principal: Rouquié, Alain (Autor)
Format: Llibre
Idioma:espanyol
Publicat: Santiago Universidad Diego Portales 2009
Col·lecció:Cátedra Globalización y Democracia
Matèries:
Etiquetes: Afegir etiqueta
Sense etiquetes, Sigues el primer a etiquetar aquest registre!

MARC

LEADER 00000nam a2200000 a 4500
001 UCH5637
003 CL-VaPUC
008 091015e20090000CL |||||||||||||||||spa|d
082 0 4 |a 321.8  |b ROU  |2 21 
100 0 |a Rouquié, Alain  |e author  |9 541933 
245 1 3 |a La democracia en América Latina: entre la esperanza y la sospecha 
300 |a 35 p 
942 |c BK 
945 |d 20091015 00:00:00  |a rbrito 
260 |a Santiago  |b Universidad Diego Portales  |c 2009 
650 0 |a Democracia  |9 255256 
650 7 |a FILOSOFIA POLITICA  |2 CL-VaPUC  |9 541934 
650 0 |a Política  |9 255312 
583 |a last modification  |c 20091015 00:00:00  |k Rodrigo Vera 
490 0 |a Cátedra Globalización y Democracia 
999 |c 336742  |d 336740 
952 |0 0  |1 0  |4 0  |6 321_800000000000000_ROU_2009  |7 0  |8 A  |9 428659  |a BIBHIS  |b BIBHIS  |d 2019-11-22  |i 4606086  |o 321.8 ROU 2009  |p 4606086  |r 2025-01-20  |w 2019-11-22  |y BK  |k HIS